Načítá se...
Tourism:Principles and Practice
| Hlavní autor: | |
|---|---|
| Médium: | Printed Book |
| Jazyk: | Undetermined |
| Vydáno: |
NewDelhi
Oxford University Press
|
| LEADER | 00468nam a2200133Ia 4500 | ||
|---|---|---|---|
| 008 | 141017s9999 xx 000 0 und d | ||
| 020 | |a 978-0-19-563921-6 | ||
| 082 | |a SWA/T | ||
| 100 | |a Swain,Sampad kumar:Jitendra Mohan Mishra | ||
| 245 | |a Tourism:Principles and Practice | ||
| 260 | |b Oxford University Press |a NewDelhi | ||
| 300 | |a 748p. | ||
| 999 | |c 112764 |d 112764 | ||
| 952 | |0 0 |1 0 |4 0 |6 SWA_T |7 0 |9 109496 |a STS |b STS |d 2012-01-14 |l 6 |m 6 |o SWA/T |p STS424 |r 2020-02-13 |s 2019-12-18 |w 2014-10-17 |y BK | ||